German Literature (Record no. 14690)

MARC details
000 -LEADER
fixed length control field 00300nam a2200133Ia 4500
082 ## - DEWEY DECIMAL CLASSIFICATION NUMBER
Classification number 830 BOY/G
100 ## - MAIN ENTRY--AUTHOR NAME
Personal name Nicholas Boyle
245 #0 - TITLE STATEMENT
Title German Literature
250 ## - EDITION STATEMENT
Edition statement NULL
260 ## - PUBLICATION, DISTRIBUTION, ETC. (IMPRINT)
Name of publisher Oxford
Place of publication Calcutta
Year of publication 2008
300 ## - PHYSICAL DESCRIPTION
Number of Pages 171
942 ## - ADDED ENTRY ELEMENTS (KOHA)
Koha item type
Holdings
Withdrawn status Lost status Collection code Home library Current library Department Date acquired Source of acquisition Cost, normal purchase price Full call number Accession Number Koha item type
    General Books Main Library Main Library   13/09/2024 MLA Fund by P K Abdurabb, MLA 2010- 2011,Supplier-Cosmo Books 165.00 830 BOY/G 14813 Books